01007njm a2200277Ia 450000100060000000300090000600500170001500800410003204000130007304000130008604100120009910000160011110000180012710000370014524500120018225000110019426000130020526000610021830000170027930000290029650000330032550501810035865000520053970000790059170000590067040294IT-RoPAU20220918181145.0131025s9999 xx 000 0 und d aIT-RoPAU cIT-RoPAU aINGLESE aEurythmics  eAutore musica gCodice autore musica SPICS: 8026 aRevenge a1a ed. aNEW YORK bRCA RECORDSc1986 [1a Ed.:1986 - Ed. Lingua Orig.: 1986] aCOMPACT DISC c46 minuti (Testo: pag.) aCanzone inglese, Musica rock aMissionary Man - Thorn In My Side - When Tomorrow Comes - The Last Time - The Miracle of Love - Lets Go! - Take Your Pain Away - A Little of You - In This Town - I Remember You aROCK [COMPACT DISC]eCodice MATERIA SPICS: 9949 aEurythmics eAutore testo e musicagCodice autore testo/musica SPICS: 8026 aEurythmics gCodice interprete SPICS: 8026eInterprete